Normal view
MARC view
- Azeem Muhammad
Entry Personal Name
001 - CONTROL NUMBER
- control field: 126590
003 - CONTROL NUMBER IDENTIFIER
- control field: NUST
005 - DATE AND TIME OF LATEST TRANSACTION
- control field: 20241029142032.0
008 - FIXED-LENGTH DATA ELEMENTS
- fixed length control field: 241029|| aca||aabn | a|a d
040 ## - CATALOGING SOURCE
- Original cataloging agency: NUST
- Transcribing agency: NUST
100 ## - HEADING--PERSONAL NAME
- Personal name: Azeem Muhammad
670 ## - SOURCE DATA FOUND
- Source citation: Work cat.: (NUST)232363: Azeem Muhammad , Toxic Waste Management Practices for Chemical Industrial in Kala Shah Kaku /, 2014.
